[Event "NAYCC U08"]
[Site "Toronto CAN"]
[Date "2013.08.18"]
[Round "8"]
[White "Zhao, Jonathan"]
[Black "Hung, Daniel1"]
[Result "1-0"]
[WhiteElo "1196"]
[BlackElo "1598"]
[PlyCount "117"]
[GameId "2160767909250421"]
[EventDate "2013.08.14"]
[EventType "swiss"]
[EventRounds "9"]
[EventCountry "CAN"]
[SourceTitle "EXT 2022"]
[Source "ChessBase"]
[SourceDate "2021.10.06"]
[SourceVersion "1"]
[SourceVersionDate "2021.10.06"]
[SourceQuality "1"]

1. d4 d5 2. Nf3 Bf5 3. e3 e6 4. Bd3 Bg6 5. c3 c5 6. Qc2 Nc6 7. Nbd2 Nf6 8. O-O Qc7 9. Re1 c4 10. Bxg6 hxg6 11. e4 O-O-O 12. e5 Nh5 13. b3 b5 14. a4 cxb3 15. Qxb3 bxa4 16. Rxa4 Nf4 17. Ba3 Qb7 18. Qc2 Bxa3 19. Rxa3 Rhe8 20. c4 Kd7 21. cxd5 exd5 22. Ng5 Re7 23. Rf3 Ne6 24. Nb3 Qb4 25. Rc1 Qb6 26. Nxe6 fxe6 27. Nc5+ Kc8 28. Qxg6 Rdd7 29. Nxd7 Kxd7 30. Rf7 Qxd4 31. Qxg7 Qd2 32. Rf1 a5 33. Rxe7+ Nxe7 34. h4 Qf4 35. h5 Ke8 36. g4 Qf8 37. Qxf8+ Kxf8 38. Ra1 Nc6 39. f4 d4 40. Kf2 Kg7 41. Ra4 Kh6 42. Ke2 Kg7 43. Kd3 Kh6 44. Rxd4 Nxd4 45. Kxd4 a4 46. Kc3 a3 47. Kb3 a2 48. Kxa2 Kg7 49. Kb3 Kg8 50. Kc4 Kf7 51. f5 exf5 52. gxf5 Kg7 53. Kd5 Kf7 54. h6 Ke8 55. h7 Kf7 56. h8=Q Ke7 57. Qg7+ Ke8 58. Kd6 Kd8 59. Qd7# 1-0

[Event "NAYCC U08"]
[Site "Toronto CAN"]
[Date "2013.08.18"]
[Round "8"]
[White "Zhu, Max"]
[Black "Lalwani, Jay"]
[Result "0-1"]
[WhiteElo "880"]
[BlackElo "1509"]
[PlyCount "78"]
[GameId "2160767909250422"]
[EventDate "2013.08.14"]
[EventType "swiss"]
[EventRounds "9"]
[EventCountry "CAN"]
[SourceTitle "EXT 2022"]
[Source "ChessBase"]
[SourceDate "2021.10.06"]
[SourceVersion "1"]
[SourceVersionDate "2021.10.06"]
[SourceQuality "1"]

1. e4 c5 2. Bc4 e6 3. Nf3 Nc6 4. O-O Nge7 5. Nc3 d5 6. exd5 Nxd5 7. Nxd5 exd5 8. Bb5 Bd7 9. Bxc6 Bxc6 10. Ne5 Be7 11. Re1 O-O 12. Qe2 Re8 13. Nxc6 bxc6 14. Qg4 Bf6 15. Rxe8+ Qxe8 16. h3 Qe1+ 17. Kh2 Qxf2 18. Qg3 Qf5 19. Kh1 Re8 20. d3 Qf1+ 21. Kh2 Be5 22. Qxe5 Rxe5 23. b3 Re1 24. Rb1 Rxc1 25. Rb2 Rb1 26. Rxb1 Qxb1 27. c4 dxc4 28. dxc4 f5 29. Kg3 Qe4 30. Kf2 Qd3 31. Ke1 Qc2 32. Kf1 f4 33. Kg1 Qe2 34. a3 Kf7 35. b4 cxb4 36. axb4 Kf6 37. Kh2 Qf2 38. b5 f3 39. bxc6 Qxg2# 0-1

[Event "NAYCC U08"]
[Site "Toronto CAN"]
[Date "2013.08.18"]
[Round "9"]
[White "Bayaraa, Chinguun"]
[Black "Lu, Maximillian"]
[Result "1/2-1/2"]
[WhiteElo "1729"]
[BlackElo "1655"]
[PlyCount "60"]
[GameId "2160767909250423"]
[EventDate "2013.08.14"]
[EventType "swiss"]
[EventRounds "9"]
[EventCountry "CAN"]
[SourceTitle "hb 2013"]

1. d4 d5 2. c4 c6 3. Nf3 Nf6 4. Nc3 a6 5. e3 e6 6. Be2 dxc4 7. Bxc4 b5 8. Be2 Bb7 9. O-O Be7 10. b3 O-O 11. Bb2 Nbd7 12. Rc1 Rc8 13. h3 c5 14. dxc5 Nxc5 15. Qxd8 Rfxd8 16. Rfd1 h6 17. Bf1 Nd5 18. Nxd5 Bxd5 19. Nd4 Bb7 20. Be2 Kf8 21. Bf3 Bxf3 22. Nxf3 Rxd1+ 23. Rxd1 Rd8 24. Rxd8+ Bxd8 25. Ne1 f6 26. Kf1 Ke8 27. Ke2 h5 28. Nd3 Nxd3 29. Kxd3 Kd7 30. e4 e5 1/2-1/2

[Event "NAYCC U08"]
[Site "Toronto CAN"]
[Date "2013.08.18"]
[Round "9"]
[White "Bhanji, Areez"]
[Black "Radin, Andrew"]
[Result "0-1"]
[WhiteElo "204"]
[BlackElo "766"]
[PlyCount "109"]
[GameId "2160767909250424"]
[EventDate "2013.08.14"]
[EventType "swiss"]
[EventRounds "9"]
[EventCountry "CAN"]
[SourceTitle "hb 2013"]

1. e4 e5 2. Nf3 Nc6 3. Bb5 d6 4. O-O Nf6 5. Nc3 Be7 6. d3 O-O 7. h3 a6 8. Bxc6 bxc6 9. d4 exd4 10. Nxd4 Bb7 11. Qf3 c5 12. Nde2 d5 13. e5 Nd7 14. Qg3 Bh4 15. Qg4 Nxe5 16. Qf4 Ng6 17. Qd2 d4 18. Na4 Qd5 19. f3 Bc6 20. b3 Bf6 21. c4 dxc3 22. Nexc3 Qd4+ 23. Rf2 Qxd2 24. Bxd2 Bd4 25. Raf1 Bxf2+ 26. Rxf2 Bxa4 27. bxa4 Rad8 28. Ne4 c4 29. Bc3 Nf4 30. Rd2 Rxd2 31. Bxd2 Ng6 32. Bb4 Rb8 33. Bc3 Nf4 34. Kf1 f5 35. Nd2 Kf7 36. g4 g6 37. g5 Nxh3 38. f4 Nxf4 39. Nf3 Rd8 40. Ne5+ Ke6 41. Nc6 Rd1+ 42. Kf2 Nh3+ 43. Kg3 Rd3+ 44. Kg2 Rxc3 45. Nd4+ Ke5 46. Nc6+ Kf4 47. Nd4 Nxg5 48. Ne2+ Ke3 49. Nxc3 h5 50. Nd1+ Kd2 51. Nf2 Ne4 52. Nh3 g5 53. Kf3 g4+ 54. Kg2 gxh3+ 55. Kxh3 0-1

[Event "NAYCC U08"]
[Site "Toronto CAN"]
[Date "2013.08.18"]
[Round "9"]
[White "Chor, Kevin"]
[Black "Polavaram, Rithik S"]
[Result "1-0"]
[WhiteElo "1781"]
[BlackElo "1562"]
[PlyCount "47"]
[GameId "2160767909250426"]
[EventDate "2013.08.14"]
[EventType "swiss"]
[EventRounds "9"]
[EventCountry "CAN"]
[SourceTitle "EXT 2022"]
[Source "ChessBase"]
[SourceDate "2021.10.06"]
[SourceVersion "1"]
[SourceVersionDate "2021.10.06"]
[SourceQuality "1"]

1. e4 e5 2. Nf3 Nc6 3. Bb5 a6 4. Ba4 Nf6 5. O-O Be7 6. Re1 b5 7. Bb3 d6 8. c3 O-O 9. d4 Bb7 10. Nbd2 h6 11. Nf1 Re8 12. Ng3 Bf8 13. Bc2 Qd7 14. a4 exd4 15. cxd4 Nb4 16. Bb1 Nc6 17. Bd2 Rad8 18. Qc2 g6 19. Ba2 bxa4 20. e5 dxe5 21. Qxg6+ Bg7 22. Bxh6 Kf8 23. Bxg7+ Ke7 24. Qxf6# 1-0

[Event "NAYCC U08"]
[Site "Toronto CAN"]
[Date "2013.08.18"]
[Round "9"]
[White "Doknjas, Neil"]
[Black "Zhu, Max"]
[Result "1-0"]
[WhiteElo "1281"]
[BlackElo "880"]
[PlyCount "97"]
[GameId "2160767909250427"]
[EventDate "2013.08.14"]
[EventType "swiss"]
[EventRounds "9"]
[EventCountry "CAN"]
[SourceTitle "hb 2013"]

1. e4 e5 2. Nf3 Nc6 3. d4 exd4 4. Nxd4 Nxd4 5. Qxd4 d6 6. Bc4 Nf6 7. Nc3 c5 8. Qd3 Be7 9. Bf4 O-O 10. O-O-O Ng4 11. Qe2 a6 12. h3 Nf6 13. Nd5 Nxd5 14. Bxd5 Qb6 15. Qc4 Bf6 16. Qb3 Qc7 17. Bxd6 Bg5+ 18. Kb1 Qa5 19. Bxf8 Kxf8 20. Bxf7 b5 21. Qd5 Rb8 22. Qd6+ Kxf7 23. Qxb8 Be6 24. a3 b4 25. Qg3 c4 26. Qf3+ Kg8 27. Rd6 Bf7 28. Qf5 Qxf5 29. exf5 bxa3 30. bxa3 a5 31. Rhd1 Be7 32. Rd8+ Bxd8 33. Rxd8+ Be8 34. Rxe8+ Kf7 35. Ra8 a4 36. Rxa4 Ke7 37. Rxc4 Kd6 38. a4 Kd5 39. a5 Kxc4 40. a6 Kb5 41. a7 Kb6 42. a8=Q Kc7 43. Qa6 Kb8 44. Qc6 Ka7 45. Qb5 Ka8 46. Qb6 g6 47. f6 g5 48. f7 g4 49. f8=Q# 1-0

[Event "NAYCC U08"]
[Site "Toronto CAN"]
[Date "2013.08.18"]
[Round "9"]
[White "Guipi Bopala, Prince Eric jr"]
[Black "Ettibaryan, Levon"]
[Result "0-1"]
[WhiteElo "930"]
[BlackElo "608"]
[PlyCount "64"]
[GameId "2160767909250428"]
[EventDate "2013.08.14"]
[EventType "swiss"]
[EventRounds "9"]
[EventCountry "CAN"]
[SourceTitle "hb 2013"]

1. d4 d5 2. c4 e6 3. Nc3 Nf6 4. Bg5 Be7 5. Nf3 Nc6 6. e3 Bd7 7. Bd3 h6 8. Bh4 Bb4 9. O-O Qe7 10. a3 Bxc3 11. bxc3 O-O 12. e4 dxe4 13. Bxe4 Rad8 14. Ne5 g5 15. Nxc6 bxc6 16. Bg3 Nxe4 17. Bxc7 Rc8 18. Ba5 Nf6 19. Bb4 Qe8 20. Bxf8 Qxf8 21. Qf3 Qe7 22. Rab1 c5 23. dxc5 Rxc5 24. Rb7 Qd8 25. Rxa7 Rxc4 26. Ra8 Bc8 27. Rd1 Nd5 28. Ra7 Rf4 29. Qh5 Qb6 30. Ra8 Qxf2+ 31. Kh1 Qf1+ 32. Rxf1 Rxf1# 0-1

[Event "NAYCC U08"]
[Site "Toronto CAN"]
[Date "2013.08.18"]
[Round "9"]
[White "Hua, Charles"]
[Black "Pau, Ethan"]
[Result "0-1"]
[WhiteElo "1440"]
[BlackElo "1535"]
[PlyCount "152"]
[GameId "2160767909250429"]
[EventDate "2013.08.14"]
[EventType "swiss"]
[EventRounds "9"]
[EventCountry "CAN"]
[SourceTitle "hb 2013"]

1. e4 c5 2. c3 d6 3. d4 cxd4 4. cxd4 g6 5. Nf3 Bg7 6. Nc3 Bg4 7. Bc4 Nc6 8. Bxf7+ Kxf7 9. Ng5+ Ke8 10. Qxg4 Nf6 11. Qd1 Qd7 12. O-O h6 13. Nf3 Rf8 14. e5 dxe5 15. dxe5 Qxd1 16. Rxd1 Nd7 17. Nb5 Rc8 18. e6 Nc5 19. b4 Bxa1 20. Bxh6 Rh8 21. Rxa1 Nxb4 22. a3 Nc6 23. Rc1 Nxe6 24. Re1 Rxh6 25. Rxe6 Kd7 26. Re3 Rh5 27. Rd3+ Ke8 28. Nc3 Ne5 29. Re3 Nxf3+ 30. gxf3 Rg5+ 31. Kf1 Rgc5 32. Ne2 Kf7 33. Ng3 Rc1+ 34. Kg2 R1c3 35. a4 Rxe3 36. fxe3 Rc3 37. Ne4 Rxe3 38. Kg1 Ra3 39. Nc5 b6 40. Ne4 Rxa4 41. Kf2 Ke6 42. Ke3 Ke5 43. f4+ Kf5 44. h3 Rxe4+ 45. Kf3 Rxf4+ 46. Kg3 a5 47. h4 Rxh4 48. Kxh4 a4 49. Kg3 a3 50. Kf3 a2 51. Ke3 a1=B 52. Kd3 g5 53. Ke2 g4 54. Kf2 b5 55. Ke1 b4 56. Kd1 b3 57. Kc1 b2+ 58. Kb1 g3 59. Ka2 g2 60. Kb1 g1=R+ 61. Kc2 e5 62. Kd3 b1=B+ 63. Kc4 Rg4+ 64. Kd5 Rd4+ 65. Kc5 e4 66. Kc6 e3 67. Kc5 e2 68. Kc6 e1=N 69. Kc5 Nd3+ 70. Kc6 Ba2 71. Kb5 Bd5 72. Kb6 Rc4 73. Kb5 Bd4 74. Ka6 Rb4 75. Ka5 Bb6+ 76. Ka6 Nc5# 0-1

[Event "NAYCC U08"]
[Site "Toronto CAN"]
[Date "2013.08.18"]
[Round "9"]
[White "Hung, Daniel1"]
[Black "Trakru, Rohun"]
[Result "0-1"]
[WhiteElo "1598"]
[BlackElo "1372"]
[PlyCount "118"]
[GameId "2160767909250430"]
[EventDate "2013.08.14"]
[EventType "swiss"]
[EventRounds "9"]
[EventCountry "CAN"]
[SourceTitle "EXT 2022"]
[Source "ChessBase"]
[SourceDate "2021.10.06"]
[SourceVersion "1"]
[SourceVersionDate "2021.10.06"]
[SourceQuality "1"]

1. e4 c5 2. Nf3 e6 3. Nc3 Nc6 4. Bb5 a6 5. Bxc6 bxc6 6. b3 Ne7 7. Bb2 Ng6 8. Ne2 d5 9. exd5 cxd5 10. O-O f6 11. Ng3 Be7 12. Re1 O-O 13. d4 cxd4 14. Nxd4 e5 15. Ndf5 Bb7 16. Nh5 Rf7 17. Bc1 Bf8 18. f4 Qd7 19. Nfg3 Bc6 20. h3 Bb4 21. Bd2 Bc5+ 22. Kh1 e4 23. Ne2 a5 24. a4 f5 25. Bc3 Qd8 26. Bd4 Bd6 27. Be3 Rd7 28. Nd4 Bb7 29. Nxf5 Bb4 30. Rf1 Ba6 31. Rf2 Bc3 32. Bd4 Bxd4 33. Qxd4 Raa7 34. Rd1 Nh4 35. Ne3 Qe8 36. Qe5 Qxe5 37. fxe5 d4 38. e6 Rd6 39. Ng4 Re7 40. c4 Rexe6 41. Ng3 e3 42. Re2 Bb7 43. Nxe3 dxe3 44. Rxd6 Rxd6 45. Rxe3 Bxg2+ 46. Kh2 Rb6 47. Rd3 Nf3+ 48. Kxg2 Ne1+ 49. Kh2 Nxd3 50. Nf5 Rxb3 51. c5 Nxc5 52. Kg1 Nxa4 53. Nd4 Rxh3 54. Nb3 Rxb3 55. Kh1 Rb2 56. Kg1 Nc3 57. Kh1 a4 58. Kg1 a3 59. Kh1 a2 0-1

[Event "NAYCC U08"]
[Site "Toronto CAN"]
[Date "2013.08.18"]
[Round "9"]
[White "Issani, Nameer"]
[Black "Xu, Bernie"]
[Result "1-0"]
[WhiteElo "1425"]
[BlackElo "1123"]
[PlyCount "117"]
[GameId "2160767909250431"]
[EventDate "2013.08.14"]
[EventType "swiss"]
[EventRounds "9"]
[EventCountry "CAN"]
[SourceTitle "hb 2013"]

1. e4 e6 2. d4 d5 3. Nc3 Bb4 4. e5 c5 5. dxc5 Bxc5 6. Qg4 g6 7. Nf3 Nc6 8. Bd3 Nge7 9. O-O O-O 10. Qh3 h5 11. Bg5 Qc7 12. Bf6 Nb4 13. g4 Nxd3 14. cxd3 Rd8 15. gxh5 Kf8 16. h6 Ke8 17. h7 Kd7 18. h8=Q Rxh8 19. Qxh8 d4 20. Ne4 Bb6 21. Nd6 Qd8 22. Qxd8+ Bxd8 23. Nxf7 Bb6 24. Nd6 Nf5 25. Nxf5 gxf5 26. Rac1 Ke8 27. Rc4 Bd7 28. Nxd4 Bxd4 29. Rxd4 Bc6 30. Rd6 Kf7 31. Rd8 Rxd8 32. Bxd8 Bb5 33. Rd1 Kg6 34. d4 Kh5 35. d5 exd5 36. Rxd5 Bc4 37. Rd7 Bxa2 38. Rxb7 a6 39. b3 Bb1 40. e6 f4 41. e7 Bg6 42. Bb6 Be8 43. Bc7 f3 44. Rb8 Kg6 45. Rxe8 Kf7 46. Rf8+ Kxe7 47. Rxf3 Kd7 48. Ba5 Kc6 49. h4 Kd5 50. h5 Ke4 51. Rf8 Kd5 52. h6 Kc5 53. h7 Kb5 54. b4 Kc4 55. h8=Q Kd5 56. Qh4 Ke5 57. Rf6 Kd5 58. Bb6 Ke5 59. Qd4# 1-0

[Event "NAYCC U08"]
[Site "Toronto CAN"]
[Date "2013.08.18"]
[Round "9"]
[White "Jeyakumar, Bhavatharshan"]
[Black "Sydykhanov, Arman"]
[Result "1-0"]
[WhiteElo "558"]
[BlackElo "620"]
[PlyCount "25"]
[GameId "2160767909250432"]
[EventDate "2013.08.14"]
[EventType "swiss"]
[EventRounds "9"]
[EventCountry "CAN"]
[SourceTitle "hb 2013"]

1. d4 d5 2. c4 dxc4 3. e4 b5 4. Nc3 a6 5. Nf3 e6 6. e5 Bb7 7. Bg5 Be7 8. Bxe7 Qxe7 9. Qc2 Qd7 10. Be2 Ne7 11. O-O O-O 12. Ng5 h6 13. Qh7# 1-0

[Event "NAYCC U08"]
[Site "Toronto CAN"]
[Date "2013.08.18"]
[Round "9"]
[White "Kong, Brandon"]
[Black "Whittingham, Dieter"]
[Result "1-0"]
[WhiteElo "832"]
[BlackElo "625"]
[PlyCount "61"]
[GameId "2160767909250433"]
[EventDate "2013.08.14"]
[EventType "swiss"]
[EventRounds "9"]
[EventCountry "CAN"]
[SourceTitle "hb 2013"]

1. e4 e5 2. Nf3 Nf6 3. Nxe5 d6 4. Nc4 Nxe4 5. Nc3 Nxc3 6. dxc3 Nc6 7. Be2 Bf5 8. O-O Qd7 9. a4 d5 10. Ne3 Bh3 11. gxh3 Qxh3 12. Bg4 Qh4 13. Qxd5 Bd6 14. f4 Qh6 15. Nf5 Qg6 16. Nxd6+ cxd6 17. Qg2 f5 18. Bf3 O-O-O 19. Kh1 Kb8 20. Bxc6 bxc6 21. Qxc6 Rhe8 22. Bd2 Re2 23. Rg1 Qh6 24. Qb5+ Kc7 25. Qxe2 Kd7 26. Rae1 d5 27. Qe7+ Kc6 28. Re6+ Qxe6 29. Qxe6+ Kc5 30. b4+ Kc4 31. Qc6# 1-0

[Event "NAYCC U08"]
[Site "Toronto CAN"]
[Date "2013.08.18"]
[Round "9"]
[White "Kulic, Mateo"]
[Black "Hawthorn, Henry"]
[Result "0-1"]
[WhiteElo "769"]
[BlackElo "1668"]
[PlyCount "100"]
[GameId "2160767909250434"]
[EventDate "2013.08.14"]
[EventType "swiss"]
[EventRounds "9"]
[EventCountry "CAN"]
[SourceTitle "hb 2013"]

1. e4 c5 2. Nf3 d6 3. d4 cxd4 4. Nxd4 Nf6 5. Nc3 g6 6. Bc4 Bg7 7. O-O O-O 8. Re1 Nc6 9. Bd2 Nxd4 10. Be3 Nc6 11. Qd2 Ng4 12. f3 Nxe3 13. Rxe3 Bd4 14. Nd5 Bxe3+ 15. Nxe3 Ne5 16. Bb3 Bd7 17. f4 Nc6 18. Kh1 Qa5 19. c3 b5 20. a3 Rab8 21. e5 Qc7 22. exd6 Qxd6 23. Qe2 Qc7 24. Qf3 e6 25. Rd1 Na5 26. Ba2 Bc6 27. Qh3 Rbd8 28. Qg3 Rxd1+ 29. Nxd1 Rd8 30. Nf2 Qd7 31. h3 Qd2 32. b4 Qxa2 33. bxa5 Qxa3 34. Qg5 Re8 35. Ng4 Qxc3 36. Nf6+ Kg7 37. Nxe8+ Bxe8 38. Qd8 Qc1+ 39. Kh2 Qxf4+ 40. Kh1 Bc6 41. Qd1 Qf2 42. Qg1 Qxg1+ 43. Kxg1 b4 44. Kf1 b3 45. Kf2 b2 46. Kf1 b1=Q+ 47. Kf2 Qb2+ 48. Kg3 Qxg2+ 49. Kh4 g5+ 50. Kh5 Bf3# 0-1

[Event "NAYCC U08"]
[Site "Toronto CAN"]
[Date "2013.08.18"]
[Round "9"]
[White "Lalwani, Jay"]
[Black "Wu, Nicholas"]
[Result "1/2-1/2"]
[WhiteElo "1509"]
[BlackElo "1194"]
[PlyCount "95"]
[GameId "2160767909250435"]
[EventDate "2013.08.14"]
[EventType "swiss"]
[EventRounds "9"]
[EventCountry "CAN"]
[SourceTitle "hb 2013"]

1. e4 e5 2. Nf3 Nc6 3. d4 exd4 4. Nxd4 Bc5 5. Be3 Bb6 6. Nc3 Nf6 7. Be2 O-O 8. Nxc6 bxc6 9. Bg5 h6 10. Bh4 Re8 11. f3 Rb8 12. Qd3 Bc5 13. O-O-O Be7 14. g4 Rb6 15. e5 Nxg4 16. Bxe7 Nxe5 17. Bxd8 Nxd3+ 18. Bxd3 Rxd8 19. Rhe1 Ba6 20. Na4 Rb4 21. Bxa6 Rxa4 22. Bf1 Rxa2 23. Kb1 Ra4 24. Re7 Rf4 25. Bg2 Rh4 26. h3 d5 27. Rxc7 Rc4 28. Rxa7 Rd6 29. Bf1 Rf4 30. Bd3 g6 31. Be2 Re6 32. Re1 Rh4 33. Kc1 Rxh3 34. Kd2 Rh2 35. Kd1 g5 36. Bd3 Rxe1+ 37. Kxe1 h5 38. Rc7 h4 39. Rxc6 Kg7 40. b4 h3 41. b5 Re2+ 42. Bxe2 h2 43. b6 h1=Q+ 44. Kd2 Qh8 45. b7 Qb8 46. Ba6 Qf4+ 47. Ke2 Qe5+ 48. Kd3 1/2-1/2

[Event "NAYCC U08"]
[Site "Toronto CAN"]
[Date "2013.08.18"]
[Round "9"]
[White "Low, Kevin"]
[Black "Palusa, Maurya"]
[Result "1-0"]
[WhiteElo "1451"]
[BlackElo "1624"]
[PlyCount "57"]
[GameId "2160767909250436"]
[EventDate "2013.08.14"]
[EventType "swiss"]
[EventRounds "9"]
[EventCountry "CAN"]
[SourceTitle "hb 2013"]

1. e4 c5 2. Nf3 e6 3. c4 a6 4. Nc3 Qc7 5. Be2 d6 6. O-O Nf6 7. d4 cxd4 8. Nxd4 Be7 9. Be3 O-O 10. Rc1 Nbd7 11. f4 b6 12. Bf3 Bb7 13. f5 e5 14. Nd5 Qd8 15. Ne2 Nxd5 16. cxd5 Rc8 17. Qd2 b5 18. Ng3 Nb6 19. b3 Nd7 20. Qf2 Nc5 21. Rfd1 Qd7 22. Nh5 f6 23. b4 Na4 24. Rxc8 Rxc8 25. Qg3 Bd8 26. Bh6 Bb6+ 27. Kh1 Kf7 28. Qxg7+ Ke8 29. Qf8# 1-0

[Event "NAYCC U08"]
[Site "Toronto CAN"]
[Date "2013.08.18"]
[Round "9"]
[White "Luo, Owen"]
[Black "Lu, Michael"]
[Result "0-1"]
[WhiteElo "992"]
[BlackElo "356"]
[PlyCount "90"]
[GameId "2160767909250437"]
[EventDate "2013.08.14"]
[EventType "swiss"]
[EventRounds "9"]
[EventCountry "CAN"]
[SourceTitle "hb 2013"]

1. e4 c5 2. Nf3 d6 3. d4 cxd4 4. Nxd4 Nf6 5. Bc4 Bg4 6. Qd2 e6 7. O-O Be7 8. Qd3 O-O 9. Bf4 e5 10. Be6 exd4 11. Bxg4 Nc6 12. Bh3 d5 13. exd5 Nb4 14. Qd2 Nfxd5 15. Be5 Bf6 16. Bg3 Rc8 17. c3 dxc3 18. bxc3 Nxc3 19. Qxd8 Rcxd8 20. Nxc3 Bxc3 21. Rac1 Nxa2 22. Rc2 Rd2 23. Rxd2 Bxd2 24. Bd7 Rd8 25. Rd1 Rxd7 26. Kf1 Nc3 27. Ra1 Bg5 28. Ke1 Rd1+ 29. Rxd1 Nxd1 30. Kxd1 b5 31. f4 Bf6 32. Be1 Kf8 33. g4 Ke7 34. g5 Bd4 35. h4 Kd6 36. Bb4+ Bc5 37. Bxc5+ Kxc5 38. f5 a5 39. h5 g6 40. fxg6 fxg6 41. Ke2 gxh5 42. Kf3 b4 43. Kf4 b3 44. Kf5 b2 45. g6 b1=Q+ 0-1

[Event "NAYCC U08"]
[Site "Toronto CAN"]
[Date "2013.08.18"]
[Round "9"]
[White "Medina, Benjamin R"]
[Black "Zhao, Jonathan"]
[Result "1/2-1/2"]
[WhiteElo "1606"]
[BlackElo "1196"]
[PlyCount "136"]
[GameId "2160767909250438"]
[EventDate "2013.08.14"]
[EventType "swiss"]
[EventRounds "9"]
[EventCountry "CAN"]
[SourceTitle "EXT 2022"]
[Source "ChessBase"]
[SourceDate "2021.10.06"]
[SourceVersion "1"]
[SourceVersionDate "2021.10.06"]
[SourceQuality "1"]

1. e4 d5 2. exd5 Qxd5 3. Nc3 Qa5 4. d4 Nf6 5. Nf3 Nc6 6. Bb5 a6 7. Bxc6+ bxc6 8. Bd2 Bg4 9. O-O Qh5 10. h3 Bxf3 11. Qxf3 Qxf3 12. gxf3 e6 13. Ne4 Bd6 14. c4 Nh5 15. Rfe1 Rb8 16. b3 Kd7 17. Rad1 Ke7 18. d5 Bb4 19. Bxb4+ Rxb4 20. dxc6 Nf6 21. Nxf6 Kxf6 22. Rd7 Rc8 23. Re4 g5 24. f4 h6 25. fxg5+ hxg5 26. h4 gxh4 27. Rxh4 Rb6 28. Rf4+ Ke5 29. Rfxf7 Rxc6 30. f4+ Ke4 31. Rde7 Kf3 32. f5 exf5 33. Rxf5+ Kg4 34. Rf2 Kg5 35. Rg7+ Kh6 36. Rg3 Kh7 37. b4 Rb8 38. a3 Rb7 39. Rf4 Rg6 40. Rf7+ Kh6 41. Rxg6+ Kxg6 42. Re7 Kf6 43. Rh7 Ke5 44. Rh4 Ra7 45. Kf2 Ke6 46. Ke3 a5 47. Kd4 axb4 48. Rh6+ Kd7 49. axb4 Rb7 50. b5 Rb6 51. Rh7+ Kc8 52. Kc5 Kb8 53. Kb4 Rg6 54. c5 Rg8 55. b6 cxb6 56. cxb6 Rg5 57. Rc7 Rf5 58. Rc5 Rxc5 59. Kxc5 Kb7 60. Kb5 Kb8 61. Kc4 Kb7 62. Kc5 Kb8 63. Kb5 Kb7 64. Kc5 Kb8 65. Kc6 Kc8 66. Kc5 Kb7 67. Kb5 Kb8 68. Kc4 Kb7 1/2-1/2

[Event "NAYCC U08"]
[Site "Toronto CAN"]
[Date "2013.08.18"]
[Round "9"]
[White "Rusonik, Max"]
[Black "Tang, Matthew"]
[Result "1-0"]
[WhiteElo "650"]
[BlackElo "1031"]
[PlyCount "91"]
[GameId "2160767909250440"]
[EventDate "2013.08.14"]
[EventType "swiss"]
[EventRounds "9"]
[EventCountry "CAN"]
[SourceTitle "hb 2013"]

1. e4 e5 2. Nf3 Nc6 3. Bc4 Nf6 4. Ng5 d5 5. exd5 Na5 6. Bb3 Nxb3 7. axb3 Qxd5 8. O-O e4 9. d4 exd3 10. Qxd3 Qc6 11. Re1+ Be6 12. f4 Ke7 13. f5 Rd8 14. Qc3 h6 15. Qxc6 bxc6 16. Nf3 Ke8 17. fxe6 Bc5+ 18. Be3 Bxe3+ 19. Rxe3 Rd1+ 20. Re1 Rxe1+ 21. Nxe1 fxe6 22. Rxa7 Kf7 23. Rxc7+ Kg6 24. Rxc6 e5 25. Re6 e4 26. Nc3 Kf5 27. Re7 g5 28. Kf2 h5 29. Ke3 Ng4+ 30. Kd4 e3 31. h3 Rd8+ 32. Kc4 Ne5+ 33. Kc5 Rc8+ 34. Kd4 Nc6+ 35. Kxe3 Nxe7 36. Nb5 Rc5 37. c4 Nd5+ 38. Kd4 Rxb5 39. cxb5 Ke6 40. Kc5 Nf6 41. Kc6 Nd7 42. b6 Ne5+ 43. Kc7 Nd7 44. b4 Ke7 45. b5 Ke6 46. b7 1-0

[Event "NAYCC U08"]
[Site "Toronto CAN"]
[Date "2013.08.18"]
[Round "9"]
[White "Shi, Stephen"]
[Black "Gan, David"]
[Result "0-1"]
[WhiteElo "581"]
[BlackElo "731"]
[PlyCount "134"]
[GameId "2160767909250441"]
[EventDate "2013.08.14"]
[EventType "swiss"]
[EventRounds "9"]
[EventCountry "CAN"]
[SourceTitle "hb 2013"]

1. e4 e6 2. Nf3 Nc6 3. Bb5 Nf6 4. Nc3 a6 5. Bxc6 bxc6 6. d3 Rb8 7. b3 Bc5 8. d4 Ba7 9. e5 Nd5 10. Nxd5 cxd5 11. Bg5 f6 12. exf6 gxf6 13. Bh4 O-O 14. Ne5 Bb7 15. Qg4+ Kh8 16. O-O f5 17. Qh5 Qe8 18. Qh6 Bxd4 19. Bf6+ Rxf6 20. Qxf6+ Kg8 21. Rad1 Bxe5 22. Qxe5 d6 23. Qf6 d4 24. Rxd4 Qc6 25. Qxe6+ Kh8 26. f3 Qxc2 27. Rf2 Qc1+ 28. Rf1 Qb2 29. Qxf5 Qxd4+ 30. Rf2 Qg7 31. g3 Rf8 32. Qe6 Bxf3 33. Qe3 Qa1+ 34. Rf1 Qf6 35. Qa7 Qb2 36. Rf2 Qc1+ 37. Rf1 Qc5+ 38. Qxc5 dxc5 39. h4 Kg7 40. Rc1 Rf5 41. a4 Bh5 42. Rc4 Bd1 43. a5 Bxb3 44. Rc3 c4 45. g4 Rxa5 46. Kg2 Rd5 47. Re3 Kf7 48. Rf3+ Kg6 49. h5+ Kg5 50. Kg3 Rd3 51. Kf2 Rxf3+ 52. Kxf3 c3 53. Ke2 c2 54. Kd2 Kxg4 55. Kc1 Kxh5 56. Kb2 Kg4 57. Kc1 Kg3 58. Kd2 h5 59. Kc1 h4 60. Kb2 h3 61. Kxb3 c1=Q 62. Kb4 Kf3 63. Kb3 Ke4 64. Kb4 Kd4 65. Kb3 Qc3+ 66. Ka4 Qc2+ 67. Ka5 Qc5+ 0-1

[Event "NAYCC U08"]
[Site "Toronto CAN"]
[Date "2013.08.18"]
[Round "9"]
[White "Sun, Frank"]
[Black "Mills, Torin"]
[Result "1/2-1/2"]
[WhiteElo "1097"]
[BlackElo "626"]
[PlyCount "43"]
[GameId "2160767909250442"]
[EventDate "2013.08.14"]
[EventType "swiss"]
[EventRounds "9"]
[EventCountry "CAN"]
[SourceTitle "hb 2013"]

1. e4 Nc6 2. Nf3 e5 3. Bc4 Bc5 4. b4 Bxb4 5. c3 Bc5 6. d4 Bb6 7. d5 Na5 8. Nxe5 Nxc4 9. Nxc4 d6 10. Bf4 Nf6 11. Nbd2 O-O 12. O-O Bd7 13. Nxb6 cxb6 14. Bxd6 Re8 15. Re1 Qc8 16. h3 Bxh3 17. gxh3 Qxh3 18. Re3 Qd7 19. Bb4 a5 20. Ba3 Qc7 21. Rb1 Ra6 22. Rb5 1/2-1/2

[Event "NAYCC U08"]
[Site "Toronto CAN"]
[Date "2013.08.18"]
[Round "9"]
[White "Tang, Andrew"]
[Black "Noorali, Aahil"]
[Result "1-0"]
[WhiteElo "1593"]
[BlackElo "1332"]
[PlyCount "151"]
[GameId "2160767909250443"]
[EventDate "2013.08.14"]
[EventType "swiss"]
[EventRounds "9"]
[EventCountry "CAN"]
[SourceTitle "hb 2013"]

1. e4 e5 2. Nf3 Nc6 3. Bb5 d6 4. Nc3 Bd7 5. O-O Nf6 6. h3 Be7 7. d3 O-O 8. Be3 a6 9. Ba4 b5 10. Bb3 Be6 11. Nd5 Bxd5 12. exd5 Na5 13. c4 bxc4 14. dxc4 Nd7 15. Bc2 Nxc4 16. Qd3 f5 17. Qxc4 e4 18. Nd4 Ne5 19. Qc3 Qd7 20. f4 exf3 21. gxf3 f4 22. Bd2 Qxh3 23. Rf2 Bf6 24. Bf5 Nxf3+ 25. Qxf3 Qxf3 26. Nxf3 g5 27. Be6+ Kg7 28. Bc3 Bxc3 29. bxc3 h6 30. Nd4 Kh8 31. Rh2 Rf6 32. Rb1 f3 33. Rb7 Raf8 34. Kf2 Rg6 35. Rxc7 g4 36. Nf5 Rb8 37. Rc8+ Rxc8 38. Bxc8 Rg5 39. Be6 h5 40. Ng3 Re5 41. Rxh5+ Rxh5 42. Nxh5 Kh7 43. Bxg4 Kg6 44. Kxf3 Kf7 45. Be6+ Ke7 46. Ke4 Kd8 47. Kd4 Ke7 48. Bf7 Kxf7 49. c4 Ke7 50. c5 dxc5+ 51. Kxc5 Kd7 52. Nf6+ Kc7 53. d6+ Kd8 54. Kb6 a5 55. Kxa5 Kc8 56. d7+ Kd8 57. Kb6 Ke7 58. Kc7 Kxf6 59. d8=Q+ Ke5 60. a4 Kf4 61. Qd6+ Kf3 62. Qd5+ Kf2 63. Qe4 Kf1 64. Qe3 Kg2 65. Qf4 Kh3 66. Qg5 Kh2 67. Qg4 Kh1 68. Kd6 Kh2 69. Ke5 Kh1 70. Kf4 Kh2 71. Kf3 Kh1 72. Qg5 Kh2 73. Qg6 Kh3 74. Qg5 Kh2 75. Qg3+ Kh1 76. Qg2# 1-0